[Event "Stay Safe Play From Home 197"]
[Site "T#646544Emanuel Laske"]
[Date "2020.06.03"]
[Round "5"]
[White "Lamborghini"]
[Black "Haxhi Baha"]
[Result "1/2-1/2"]
[WhiteElo "2190"]
[BlackElo "1985"]
[Annotator "TA"]
[PlyCount "184"]
[EventDate "2020.06.03"]
[EventType "swiss (blitz)"]

{[%evp 17,183,-42,26,-8,7,0,43,18,39,36,40,0,5,3,36,-6,0,0,15,13,89,22,104,92,95,95,129,0,0,0,50,43,88,57,87,87,87,87,82,70,73,73,122,122,114,85,328,328,360,358,358,290,613,295,879,866,1014,814,6291,5725,5485,4676,2013,1571,1398,913,4955,4031,29974,29947,29978,29979,29979,29979,29980,29980,29981,29982,29982,1518,29952,29954,29955,7940,12544,10157,9245,8680,8030,7950,8022,0,8089,7762,6776,12837,8558,12831,9255,7983,8606,7994,8007,8015,8000,8004,8320,8096,8103,0,29980,0,8103,0,9255,5485,5249,364,8096,-29968,-29967,-29976,-29977,-29977,-29978,-29978,-29979,-29979,-29980,-29981,-29981,-29981,-29981,-29982,-29982,-29982,-29982,-29982,-29983,-29984,-29985,-29985,-29986,-29987,-29988,-29989,-29990,-29991,-29990,-29991,-29990,-29990,-29991,-29991,-29990,-29990,-29991,-29992,-29993,-29993,-29990,-29990,-29991,-29991,-29992,-29992,-29992,-29992]} 1. e4 e6 2. d4 d5 3. Nc3 Nf6 4. Bg5 Be7 5. e5 Nfd7 6. Bxe7 Qxe7 7. f4 a6 8. Nf3 c5 9. Bd3 Nc6 (9... cxd4 $1 $15 10. Ne2 Qb4+ 11. c3 dxc3 12. bxc3 Qa3) 10. a3 {C14: French: Classical System: 4 Bg5 Be7 main line.} cxd4 11. Ne2 Qc5 12. Qd2 {[%mdl 1024] White has compensation.White is slightly better.} b5 13. O-O {[#]} Nb6 $146 ({Predecessor:} 13... O-O 14. Kh1 Kh8 15. Ng5 h6 16. Nh7 Re8 17. Qe1 Qe7 18. Qg3 g6 19. Nf6 Nxf6 20. exf6 Qxf6 {0-1 (43) Grosse,B-Mierse,F Griesheim 1999}) 14. Kh1 Nc4 15. Qc1 Ne3 16. Rf2 Ng4 17. Rf1 Ne3 18. Rg1 h5 {[#]} (18... Bd7 $11 {keeps the balance.}) 19. h3 ({Better is} 19. Nexd4 $1 $16 {[%mdl 512]} Nxd4 20. Qxe3) 19... h4 {[#]} (19... Bd7 $11) 20. Nexd4 $1 {[%mdl 576] Remove Defender} Nxd4 21. Qxe3 Nb3 22. Qxc5 ({Only move:} 22. Bxb5+ $1 $16 axb5 23. Qxb3) 22... Nxc5 $11 23. Rgd1 Nxd3 24. cxd3 Bb7 25. Rdc1 Kd7 26. Nd4 Rac8 27. Kg1 Rc7 28. Rxc7+ Kxc7 $16 {[%mdl 4096] Endgame KRB-KRN} 29. Kf2 Rb8 30. Rc1+ Kd7 31. b4 (31. Kf3 {is interesting.} f5 32. Ke3 Rg8 33. Rc2 Rh8 34. Nb3) 31... Rc8 $2 (31... Rh8 $16 {keeps fighting.}) 32. Rxc8 $18 Bxc8 {KB-KN} 33. Nf3 f6 34. d4 ({Less strong is} 34. Nxh4 Ke7 $18) 34... fxe5 $2 (34... f5 35. Nxh4 Kc7) 35. fxe5 a5 $2 (35... Ke8 36. Nxh4 Kf8) 36. Nxh4 Kc6 37. Nf3 axb4 38. axb4 Bd7 39. g4 Be8 40. Ng5 Kd7 41. h4 Ke7 42. h5 Bd7 43. Nh3 Kf7 44. Nf4 Kg8 45. Kg3 Kh7 46. Kh4 Kh6 47. g5+ Kh7 48. h6 (48. g6+ $142 Kh6 49. Nh3 Be8 50. Ng5 Bxg6 51. hxg6 Kxg6 52. Kg4 Kh6 53. Nxe6) 48... g6 49. Kg3 Bc8 50. Nd3 (50. Kg4 $142 Ba6 51. Nh5 Kg8 52. Nf6+ Kh8 53. Nd7 Kg8 54. h7+ $1 {[%mdl 576] Deflection, Decoy} Kxh7 55. Nf8+ Kg7 56. Nxe6+ Kf7 57. Nc7 $1 {[%mdl 512]}) 50... Bd7 51. Nc5 Bc8 52. Kf4 Kh8 53. Kg4 Kh7 54. Kf4 Kh8 $1 55. Ke3 Kh7 56. Nd3 Kh8 57. Nf4 Kh7 58. Kd3 Bd7 59. Kc3 Bc8 60. Nd3 Bd7 61. Kb3 Bc8 62. Nf4 Bd7 63. Kc3 $2 (63. Kc2 $18 {And now Kd3 would win.} Bc8 64. Kd3) 63... Kh8 $2 {[%mdl 8192]} (63... Bc8 $11 64. Kd2 Bd7) 64. Kd3 (64. Nxg6+ $142 Kg8 65. h7+ {[%mdl 64] Deflection, Decoy} Kxh7 66. Nf8+ {[%mdl 64] Double Attack} Kg7 67. Nxd7 Kh8 68. Nc5 Kg7 69. Nxe6+ Kg6 {[#]} 70. Nc7 $1 {[%mdl 512]}) 64... Kh7 65. Ke3 Bc8 66. Kf3 Bd7 67. Kg4 Bc8 $2 (67... Bc6 68. Kh4 Bd7) 68. Nxg6 $4 {[%mdl 8192]} (68. Nh5 $18 Kh8 69. Nf6) 68... Kxg6 {KB-KP. Black mates.} 69. h7 Kxh7 70. Kh5 Kg7 71. g6 Bd7 72. Kg5 Be8 73. Kf4 Bxg6 {KB-K3P} 74. Kg5 Be4 75. Kf4 Kg6 76. Kg4 Bf5+ 77. Kf4 Kh5 78. Ke3 Kg4 79. Kf2 Kf4 80. Ke2 Ke4 81. Kd2 Kxd4 {KB-KPP} 82. Kc1 Kc4 83. Kb2 Kxb4 {KB-KP} 84. Kc1 Kc4 85. Kd2 Kd4 86. Ke2 b4 {[%cal Bb5b4,Bb4b3][%mdl 32]} 87. Kd2 b3 88. Kc1 Kxe5 89. Kb2 Bc2 90. Kc3 Ke4 91. Kd2 Kd4 92. Kc1 Kc3 {Black used his chance. Accuracy: White = 68%, Black = 48%.} 1/2-1/2

[Event "Stay Safe Play From Home 197"]
[Site "T#646544Emanuel Laske"]
[Date "2020.06.03"]
[Round "5"]
[White "Lazieri3"]
[Black "Little champs"]
[Result "0-1"]
[WhiteElo "2050"]
[BlackElo "2215"]
[Annotator "TA"]
[PlyCount "116"]
[EventDate "2020.06.03"]
[EventType "swiss (blitz)"]

{[%evp 9,116,0,16,0,0,-41,-16,-19,-13,-6,4,9,13,0,25,10,30,-8,0,-5,-4,-24,-16,-75,-5,-5,-2,-6,0,0,13,0,16,6,22,0,0,-69,-82,-77,-27,-34,-15,-13,-8,-10,-9,-10,0,0,0,0,0,-8,0,-13,0,0,0,-7,0,-8,0,-10,0,0,0,0,0,0,0,0,0,-320,-139,-149,-135,-1547,-1541,-1535,-1417,-1389,-1000,-1919,-1557,-3033,-3133,-5206,-2112,-29976,-29976,-29979,-29978,-29980,-29981,-29981,-29982,-29982,-29982,-29982,-29983,-29987,-29985,-29985,-29986,-29986,-29987,-29988,-29989]} 1. e4 e6 2. Nc3 d5 3. exd5 exd5 4. d4 Nf6 5. Bf4 Be7 6. Nf3 {C01: French: Exchange Variation.} O-O 7. Ne5 c6 8. Bd3 {The position is equal.} Nbd7 9. O-O h6 {[#]} 10. Nxd7 $146 ({Predecessor:} 10. Qf3 Nxe5 11. dxe5 Ne8 12. Bxh6 Bg5 13. Bxg5 Qxg5 14. Rae1 Bg4 15. Qg3 Qh5 16. e6 fxe6 {1-0 (49) Kipman,F (1576)-Haemmerle,D (1762) Playchess.com INT 2020}) 10... Bxd7 11. h3 Be6 12. Ne2 Qd7 13. Bg3 Rfe8 14. Nf4 Bf5 15. Bxf5 Qxf5 16. Qd3 (16. Nd3 $11 {keeps the balance.}) 16... Qxd3 (16... Ne4 $17 {Black wants to play ...Bg5.} 17. Rad1 Bd6) 17. Nxd3 $11 Ne4 18. Bf4 Bf6 19. c3 g5 20. Be5 Bd8 21. f3 Nd2 22. Rf2 (22. Rfe1 {keeps more tension.} Nc4 23. Bg3 Ba5 24. Kf2 f5 25. Be5) 22... Nc4 23. b3 (23. Re1 $11) 23... Nxe5 $15 24. Nxe5 f6 25. Nd3 Bb6 26. Kf1 Kf7 27. Re2 Rxe2 28. Kxe2 $11 {[%mdl 4096] Endgame KRB-KRN} Re8+ 29. Kd2 h5 30. Re1 Rd8 31. Re2 h4 32. Re1 Rd7 33. Re2 Rd8 34. Re1 Rf8 35. Re2 a6 36. Re1 Rd8 37. Re2 Rd7 38. Re1 Kg6 39. Re2 Rf7 40. Re6 Bc7 41. Ne5+ $2 {[%mdl 8192] [#]} (41. a4 $11) 41... Bxe5 (41... Kf5 $19 42. Nxf7 Kxe6) 42. dxe5 $17 Kf5 43. Rxf6+ $2 {[%mdl 8192] This costs White the game.} (43. Re8 $17) 43... Rxf6 $19 44. exf6 Kxf6 $17 {KP-KP} 45. Ke3 Kf5 46. a3 b6 {[%cal Bb7b6,Bb6c5,Bc5d4,Bd4d3,Bd3d2][%mdl 32]} 47. a4 c5 48. b4 Ke5 49. bxc5 bxc5 {Black mates.} 50. a5 Kf5 51. Kd3 Kf4 52. Ke2 Kg3 53. Kf1 d4 54. cxd4 cxd4 55. Kg1 d3 56. Kf1 d2 {[%cal Rd2d1]} 57. Ke2 Kxg2 58. f4 gxf4 {Accuracy: White = 65%, Black = 82%.} 0-1

[Event "Stay Safe Play From Home 197"]
[Site "T#646544Emanuel Laske"]
[Date "2020.06.03"]
[Round "5"]
[White "buzaglo"]
[Black "Fischer_11"]
[Result "1-0"]
[WhiteElo "1947"]
[BlackElo "2070"]
[Annotator "NA RC"]
[PlyCount "75"]
[EventDate "2020.06.03"]
[EventType "swiss (blitz)"]

1. d4 {[%emt 0:00:01]} e5 {[%emt 0:00:07]} 2. Nf3 {[%emt 0:00:00]} Nc6 {[%emt 0:00:01]} 3. dxe5 {[%emt 0:00:01]} Qe7 {[%emt 0:00:00]} 4. g3 {[%emt 0:00:01]} Nxe5 {[%emt 0:00:01]} 5. Nxe5 {[%emt 0:00:00]} Qxe5 {[%emt 0:00:00]} 6. Bg2 {[%emt 0:00:01]} Nf6 {[%emt 0:00:01]} 7. O-O {[%emt 0:00:00]} d5 {[%emt 0:00:00]} 8. c3 {[%emt 0:00:01]} Bg4 {[%emt 0:00:02]} 9. Bf4 {[%emt 0:00:01]} Qe7 {[%emt 0:00:02]} 10. f3 {[%emt 0:00:02]} Bf5 {[%emt 0:00:02]} 11. Nd2 {[%emt 0:00:03]} O-O-O {[%emt 0:00:01]} 12. Qb3 {[%emt 0:00:03]} Qc5+ {[%emt 0:00:05]} 13. e3 {[%emt 0:00:03]} Qb6 {[%emt 0:00:02]} 14. Qxb6 {[%emt 0:00:02]} axb6 {[%emt 0:00:00]} 15. a4 {[%emt 0:00:01]} Bd6 {[%emt 0:00:02]} 16. Bxd6 {[%emt 0:00:01]} Rxd6 {[%emt 0:00:00]} 17. Nb3 {[%emt 0:00:01]} c6 {[%emt 0:00:02]} 18. Nd4 {[%emt 0:00:01]} Bg6 {[%emt 0:00:02]} 19. a5 {[%emt 0:00:03]} bxa5 {[%emt 0:00:04]} 20. Rxa5 {[%emt 0:00:00]} Re8 {[%emt 0:00:03]} 21. Ra8+ {[%emt 0:00:02]} Kc7 {[%emt 0:00:00]} 22. Rxe8 {[%emt 0:00:01]} Nxe8 {[%emt 0:00:00]} 23. b4 {[%emt 0:00:02]} Bd3 {[%emt 0:00:03]} 24. Rd1 {[%emt 0:00:02]} Bc4 {[%emt 0:00:00]} 25. e4 {[%emt 0:00:02]} Kd7 {[%emt 0:00:02]} 26. e5 {[%emt 0:00:01]} Rg6 {[%emt 0:00:02]} 27. f4 {[%emt 0:00:01]} Nc7 {[%emt 0:00:05]} 28. h3 {[%emt 0:00:02]} Ne6 {[%emt 0:00:01]} 29. f5 {[%emt 0:00:02]} Nxd4 {[%emt 0:00:03]} 30. fxg6 {[%emt 0:00:01]} Ne2+ {[%emt 0:00:01]} 31. Kh2 {[%emt 0:00:02]} hxg6 {[%emt 0:00:00]} 32. Rd2 {[%emt 0:00:05]} Nxc3 {[%emt 0:00:01]} 33. Rc2 {[%emt 0:00:01]} Ne2 {[%emt 0:00:02]} 34. b5 {[%emt 0:00:01]} Nd4 {[%emt 0:00:01]} 35. Rb2 {[%emt 0:00:01]} Nxb5 {[%emt 0:00:01]} 36. Rf2 {[%emt 0:00:01]} Ke6 {[%emt 0:00:00]} 37. g4 {[%emt 0:00:01]} Nc7 {[%emt 0:00:01]} 38. h4 {[%emt 0:00:00] Zeit (Lag: Av=0.43s, max=1.1s)} 1-0

[Event "Stay Safe Play From Home 197"]
[Site "T#646544Emanuel Laske"]
[Date "2020.06.03"]
[Round "5"]
[White "Edmatuag"]
[Black "Trotsky"]
[Result "0-1"]
[WhiteElo "1652"]
[BlackElo "1574"]
[Annotator "NA RC"]
[PlyCount "68"]
[EventDate "2020.06.03"]
[EventType "swiss (blitz)"]

1. e4 {[%emt 0:00:01]} c5 {[%emt 0:00:01]} 2. c3 {[%emt 0:00:02]} e6 {[%emt 0:00:00]} 3. d4 {[%emt 0:00:01]} d5 {[%emt 0:00:01]} 4. exd5 {[%emt 0:00:02]} exd5 {[%emt 0:00:01]} 5. g3 {[%emt 0:00:01]} Be6 {[%emt 0:00:01]} 6. Bg2 {[%emt 0:00:01]} Nc6 {[%emt 0:00:01]} 7. Nf3 {[%emt 0:00:02]} c4 {[%emt 0:00:00]} 8. Ng5 {[%emt 0:00:02]} h5 {[%emt 0:00:02]} 9. Nxe6 {[%emt 0:00:03]} fxe6 {[%emt 0:00:01]} 10. Qf3 {[%emt 0:00:02]} Qc7 {[%emt 0:00:03]} 11. Bf4 {[%emt 0:00:02]} Bd6 {[%emt 0:00:01]} 12. Bxd6 {[%emt 0:00:02]} Qxd6 {[%emt 0:00:01]} 13. Nd2 {[%emt 0:00:01]} O-O-O {[%emt 0:00:01]} 14. O-O-O {[%emt 0:00:01]} Nge7 {[%emt 0:00:01]} 15. Rde1 {[%emt 0:00:01]} Qc7 {[%emt 0:00:01]} 16. Rxe6 {[%emt 0:00:03]} Kb8 {[%emt 0:00:01]} 17. Qe3 {[%emt 0:00:04]} Rc8 {[%emt 0:00:01]} 18. Bh3 {[%emt 0:00:03]} Qa5 {[%emt 0:00:01]} 19. Kb1 {[%emt 0:00:02]} Nb4 {[%emt 0:00:01]} 20. cxb4 {[%emt 0:00:02]} Qxb4 {[%emt 0:00:01]} 21. Qc3 {[%emt 0:00:00]} Qb5 {[%emt 0:00:02]} 22. Rxe7 {[%emt 0:00:01]} Rc6 {[%emt 0:00:03]} 23. Bd7 {[%emt 0:00:02]} Rhc8 {[%emt 0:00:05]} 24. Bxc8 {[%emt 0:00:01]} Rxc8 {[%emt 0:00:01]} 25. Qe3 {[%emt 0:00:02]} Qb4 {[%emt 0:00:03]} 26. Qe5+ {[%emt 0:00:01]} Ka8 {[%emt 0:00:01]} 27. Rc7 {[%emt 0:00:02]} Rb8 {[%emt 0:00:02]} 28. Nf3 {[%emt 0:00:02]} c3 {[%emt 0:00:01]} 29. b3 {[%emt 0:00:02]} Qa3 {[%emt 0:00:01]} 30. Qe2 {[%emt 0:00:03]} a5 {[%emt 0:00:03]} 31. Qc2 {[%emt 0:00:02]} a4 {[%emt 0:00:01]} 32. Qxc3 {[%emt 0:00:01]} axb3 {[%emt 0:00:01]} 33. Qxb3 {[%emt 0:00:01]} Qa5 {[%emt 0:00:02]} 34. Rd1 {[%emt 0:00:01]} b5 {[%emt 0:00:02] Time (Lag: Av=0.36s, max=0.8s)} 0-1

[Event "Stay Safe Play From Home 197"]
[Site "T#646544Emanuel Laske"]
[Date "2020.06.03"]
[Round "5"]
[White "Matanant"]
[Black "EL sanbary"]
[Result "0-1"]
[WhiteElo "1629"]
[BlackElo "1902"]
[Annotator "TA"]
[PlyCount "74"]
[EventDate "2020.06.03"]
[EventType "swiss (blitz)"]

{[%evp 9,74,-20,66,71,184,180,193,186,541,537,653,651,652,619,535,291,292,285,295,212,191,0,0,-197,-187,-188,-192,-197,272,-346,644,644,29993,-901,61,57,47,0,39,-164,0,-62,0,-724,89,-396,-367,-394,-393,-384,-366,-356,0,-371,-254,-252,-234,-328,-244,-243,-242,-318,-171,-180,93,-66,-64]} 1. b3 c5 2. Bb2 Nc6 3. e3 e5 4. f4 d6 5. Nf3 {[#]} g6 $146 (5... exf4 $11 6. exf4 Nf6) ({Predecessor:} 5... e4 6. Ng5 Bf5 7. g4 Bg6 8. h4 h6 9. f5 hxg5 10. fxg6 fxg6 11. Bg2 d5 {0-1 (18) Lai,S (1757)-Muniz Pardino,A (2123) Hong Kong 2013}) 6. fxe5 $14 {A01: Nimzowitsch-Larsen Opening.} dxe5 (6... Bg7 $16 {was necessary.}) 7. Nxe5 $18 Nxe5 8. Bxe5 {White is clearly better.} Nf6 $2 (8... f6 {is a better chance.}) 9. Bb5+ Bd7 10. Bxd7+ Kxd7 11. O-O Bg7 12. Bxf6 Bxf6 13. d4 cxd4 14. exd4 Rc8 15. c4 $2 (15. c3 $18) 15... Kc7 $11 16. Na3 $2 (16. Rf4 $11 Be5 17. Qf3 (17. Rxf7+ $2 Kb8 $19) 17... Bxf4 18. Qxf4+ Qd6 19. Qf2) 16... Qxd4+ $19 17. Kh1 Qxa1 18. Nb5+ Kb8 $4 {[%mdl 8192]} (18... Kb6 $19 19. Qf3 Qb2) 19. Qf3 $4 {[%mdl 8192]} (19. Qd6+ $18 {was the only winning move.} Ka8 20. Rxa1 Bxa1 21. Nc7+ Rxc7 22. Qxc7) 19... Be5 $4 {[%mdl 8192]} ({Not} 19... Qxa2 20. Qf4+ Ka8 21. Qxf6 $11) (19... Qb2 $19 20. Qxf6 Qxf6 21. Rxf6 Rhd8) 20. Rxa1 $18 Bxa1 21. Qxf7 $4 {[%mdl 8192]} (21. Qf4+ {and life is good for White.} Ka8 22. Qf2 Rc5 23. Qxc5 Bd4 24. Qxd4 b6 25. Qd7 $1 {[%mdl 576] Double Attack} Kb8 26. Qxa7+ {[%mdl 64] Double Attack} Kc8 27. Qc7#) 21... a6 $2 (21... Rhf8 $19 22. Qxf8 Rxf8) 22. Nd6 {[%csl Gd6][%cal Rf7b7]} Rc7 23. Qf1 Bd4 24. b4 $2 (24. g3 $14) 24... Rd8 $2 (24... Bc3 $1 $19 {Hoping for ...Re7.} 25. h3 Bxb4) 25. c5 (25. g3 $1 $11) 25... Bc3 ({Black should try} 25... Be5 $1 $15) 26. a3 $2 {[%mdl 8192]} (26. g3 $11) 26... a5 $2 {[#]} (26... Re7 $19 {Strongly threatening ...Re1!} 27. Nxb7 Rd3 $3 {[%mdl 512]} 28. Qf4+ Ka7) 27. Qc4 $2 {[%mdl 8192]} (27. g3 $1 $16 axb4 28. axb4) 27... axb4 {Threatens to win with ...Rxd6!} 28. axb4 {[#]} Rxd6 $1 {[%mdl 576] Pin} 29. g3 (29. cxd6 Rxc4) 29... Rd1+ 30. Kg2 Bg7 $2 (30... Bf6 $19 {aiming for ...Rd2+.} 31. Qf4 Bg7) 31. Kh3 $2 {[%mdl 8192]} (31. Qg8+ $11 Ka7 32. Qa2+ Kb8 33. Qg8+ {[%mdl 64] Double Attack} Ka7 34. Qa2+ Kb8 35. Qg8+ {[%mdl 64] Double Attack}) 31... Rcd7 32. Qg8+ Kc7 33. Qxh7 (33. b5 $142) 33... Kc6 34. Qxg6+ {[#]} Kb5 $1 35. Qg4 b6 (35... Bc3 $142 {...Rh7+ is the strong threat.} 36. Qe6 Kxb4 37. Qb6+ Kc4) 36. Qe2+ $19 Kc6 $2 (36... R1d3 $19 37. cxb6 Kxb6) 37. Qc4 $2 ({White should play} 37. Qe6+ $16 Kc7 38. Qxb6+ Kc8 39. Qe6) 37... bxc5 $1 {Accuracy: White = 35%, Black = 32%.} 0-1

[Event "Stay Safe Play From Home 197"]
[Site "T#646544Emanuel Laske"]
[Date "2020.06.03"]
[Round "6"]
[White "Little champs"]
[Black "Broken sword"]
[Result "1-0"]
[WhiteElo "2225"]
[BlackElo "2464"]
[Annotator "TA"]
[PlyCount "125"]
[EventDate "2020.06.03"]
[EventType "swiss (blitz)"]

{[%evp 13,124,1,23,0,11,0,0,0,5,0,0,0,6,0,2,0,16,0,10,-13,16,-29,12,0,8,0,43,-10,84,-75,-74,-60,-52,-109,-104,-164,-170,-165,23,-446,-432,-440,-422,-451,-152,-158,-154,-176,-112,-208,311,89,309,311,407,393,675,-213,708,740,29983,29984,29999,2451,29999,2305,1844,1689,1673,1588,1280,1209,1431,1414,29983,29985,12820,3226,2381,2143,29991,29992,29992,29993,29993,29993,29994,29993,29994,29994,29994,29992,29993,29992,29993,29993,29993,29993,29993,29993,29994,29995,29995,29995,29995,29996,29998,29996,29996,29997,29998,29997,29999]} 1. d4 d5 2. e3 c6 3. Nf3 Nf6 4. Be2 Bf5 5. O-O e6 6. c4 Nbd7 7. Nc3 Be7 8. b3 {D12: Slav Defence: 3 Nf3 Nf6 4 e3 Bf5.} O-O 9. Bd3 Bg4 10. h3 {The position is equal.} Bh5 11. Be2 Bb4 12. Bb2 Rc8 {[#]} 13. Ne5 $146 {aiming for Nxd7.} ({Predecessor:} 13. a3 Bxc3 14. Bxc3 Ne4 15. Bb2 f5 16. Rc1 Bxf3 17. Bxf3 Rf6 18. g3 Rg6 19. Qe2 Ndf6 20. Bg2 Qb6 21. b4 a6 22. Rc2 Re8 23. c5 Qc7 24. a4 h5 25. h4 {½-½ (24) Kolanek,R (2150)-Salati,P (2208) ICCF email 2015}) 13... Bxe2 14. Qxe2 a6 15. Rac1 Qe7 16. f3 Rfe8 17. Kh1 Nh5 18. Kh2 g6 19. g4 Ng7 20. e4 (20. Nd3 $14) 20... Nf6 (20... Nxe5 $11 {keeps the balance.} 21. dxe5 d4) 21. exd5 $2 (21. Nd3 $16) 21... exd5 $17 22. f4 Bxc3 23. Bxc3 (23. Rxc3 $15 Ne4 24. Re3) 23... Ne4 24. Ba1 (24. cxd5 $17 {is a better defense.} cxd5 25. Bb2) 24... f6 $1 $19 25. cxd5 fxe5 $2 (25... cxd5 $19 26. Nd3 Ne6) 26. dxe5 $2 {[%mdl 8192]} (26. Qxe4 $11 {and White has nothing to worry.} exf4 27. Qxe7 Rxe7 28. Rxf4) 26... cxd5 27. Qd3 {Hoping for Rxc8.} Ne6 28. Qxd5 N4c5 $2 (28... Qd8 $19 {has better winning chances.} 29. Qxd8 Rexd8 30. Rxc8 Rxc8) 29. f5 $17 Rcd8 30. Qg2 {[#]} Ng5 (30... Nd3 $1 $19 {[%cal Rd3c1]} 31. Rcd1 Nef4) 31. f6 {[#]} (31. h4 $17 Nge6 32. f6) 31... Qe6 $4 {[%mdl 8192]} (31... Qf8 $1 $19 {and life is good for Black. ...Rd3 is the strong threat.} 32. Kh1 Nf7) 32. h4 $2 {White now steadily converts the win.} (32. Rxc5 $18 {and the rest is easy. Black must now prevent Rc7.} Qb6 33. Rc2) 32... Nf7 $2 (32... Nce4 $16 {was called for.} 33. Rc2 (33. hxg5 Rd2 $14) 33... Rd7) 33. Rxc5 $18 Rd3 34. Rc7 Red8 $2 (34... Rd7) 35. Rf2 $4 {[%mdl 8192]} (35. Re7 $18 Qb6 36. e6) 35... Rd1 $4 {[%mdl 8192]} (35... Nxe5 $19 36. f7+ Kf8) 36. Re7 Qd5 37. Qxd5 R8xd5 38. Bb2 (38. Re8# $142) 38... Rd7 39. Rxd7 (39. Re8# $142) 39... Rxd7 {[%mdl 4096] Endgame KRB-KRN} 40. e6 {[%mdl 64] Double Attack} Rc7 41. exf7+ Kxf7 {KRB-KR} 42. Be5 Rd7 43. g5 h6 44. gxh6 Rd8 45. h7 Rh8 46. Rd2 {White threatens Rd7+ and mate.} Rxh7 47. Rd7+ {[%mdl 64] Double Attack. White mates.} Ke6 48. Rxh7 Kf5 49. Kg3 g5 50. Rg7 gxh4+ 51. Kxh4 Ke6 52. Rg5 Kf7 53. Kh5 b5 54. Rg7+ Ke6 55. Kg6 Kxe5 {KR-KPP} 56. Re7+ Kd5 57. f7 Kc5 58. Re1 Kb4 59. f8=Q+ Ka5 60. Qf2 Kb4 61. Qd2+ Ka3 62. Re5 b4 63. Ra5# {Accuracy: White = 48%, Black = 37%.} 1-0